Pelayanan Perpustakaan : Tatakerja pelayanan sirkulasi (melayani peminjaman dan pengembalian buku) Di Perpustakaan

Bibliographic Details
Main Author: P. Sumardji, Drs
Format: Book
Published: Yogyakarta : Penerbit Kanisius , 1982

MARC

LEADER 00000cam a2200000 7i4500
001 0000105085
005 20140211.0
008 100526 bm
020 |a 9794132209 
090 0 0 |a 025.5 SUM 
100 1 |a P. Sumardji, Drs. 
245 1 0 |a Pelayanan Perpustakaan :   |b Tatakerja pelayanan sirkulasi (melayani peminjaman dan pengembalian buku) Di Perpustakaan   |c Drs P. Sumardji 
260 |a Yogyakarta :   |b Penerbit Kanisius ,   |c 1982 
300 |a 85p. :   |b ill. ;   |c 21cm. 
999 |a 0000247586   |b Buku   |c Rak Terbuka   |e Perpustakaan Cawangan Jasin 
999 |a 23113   |b Buku   |c Rak Terbuka   |e Perpustakaan Cawangan Jasin